000 00716nam a2200229 i 4500
001 105758
003 ES-MaACL
007 t|
008 060818s1968 ag ||||1| spa d
080 _a59:398(8=134.2)
100 1 _aSalas, Alberto M.
_9101720
245 1 0 _aPara un bestiario de Indias /
_cAlberto M. Salas ; con veintinueve dibujos de David Almirón.
260 _aBuenos Aires :
_bLosada,
_c[1968]
300 _a205 p. :
_bil. ;
_c20 cm.
490 1 _aPrisma
500 _aBiblioteca Juan Andrade.
650 1 4 _aAnimales-
_xFolklore-
_zAmérica española.
_99836
700 1 _aAlmirón, David.
_920155
830 0 0 _aPrisma
_9180749
852 _aES-MaACL
_jAND-562
_bR.109872
999 _c105758
_d105758